Иду на грозу: роман

Detalhes bibliográficos
Autor principal: Гранин Д. А. Даниил Александрович
Outros Autores: Оскоцкий В. (автор предисловия)
Idioma:russo
Publicado em: Москва, Профиздат, 1988
Colecção:Библиотека советского романа
Assuntos:
Formato: MixedMaterials Livro
KOHA link:https://koha.lib.tpu.ru/cgi-bin/koha/opac-detail.pl?biblionumber=116090

MARC

LEADER 00000nam0a2200000 4500
001 116090
005 20231101215315.0
010 |a 5255000175 
020 |a RU  |b 88-31427 
035 |a (RuTPU)RU\TPU\book\125615 
090 |a 116090 
100 |a 20070517d1988 m y0rusy5003 ca 
101 0 |a rus 
102 |a RU 
105 |a y z 000ay 
200 1 |a Иду на грозу  |e роман  |f Д. А. Гранин  |g авт. предисл. В. Оскоцкий 
210 |a Москва  |c Профиздат  |d 1988 
215 |a 367,[1] с.  |d 21 см 
225 1 |a Библиотека советского романа 
610 1 |a советская литература 
610 1 |a СССР 
610 1 |a ученые 
610 1 |a ученые-физики 
675 |a Р2  |z rus  |v 3 
700 1 |a Гранин  |b Д. А.  |c русский писатель  |c настоящая фамилия Герман  |f 1919 -2017  |g Даниил Александрович  |2 stltpush  |3 (RuTPU)RU\TPU\pers\11898  |9 3007 
702 1 |a Оскоцкий  |b В.  |4 080 
801 0 |a RU  |b RuMRKP  |c 19950417  |g psbo 
801 1 |a RU  |b 63413507  |c 20070517  |g PSBO 
801 2 |a RU  |b 63413507  |c 20181219  |g PSBO 
942 |c BK